| 000 | 04639nam0a2200493 4500 | ||
|---|---|---|---|
| 001 | RU\NLR\BIBL_A\011373265 | ||
| 005 | 20250626054155.0 | ||
| 020 |
_aRU _b1937 _9Сводный каталог листовок первых лет Советской власти (25 октября (7 ноября) 1917 - 1925) Т.1. Листовки высших органов государственной власти и управления, центральных партийных, профсоюзных, комсомольских и других организаций. Ч.1.-2 |
||
| 035 | _a(NLR Aleph) 011373265 | ||
| 090 |
_a11363598 _c11363598 |
||
| 100 | _a20170424d1918 |||y0rusy50 ca | ||
| 101 | 0 | _arus | |
| 102 | _aRU | ||
| 105 | _ay z 000zy | ||
| 135 | _acrgn 008apada | ||
| 200 | 1 |
_aК братьям пролетариям всего мира. "Товарищи! В роковой для русского и международного пролетарского движения момент мы - представители соц.-дем. пролетариата... считаем своим долгом поднять свой голос протеста..." Петроград, 18 января 1918 г. _e[листовка _fРСДРП (меньшевиков-оборонцев), Избирательный комитет] |
|
| 210 |
_a[Пг. _cб. и. _d1918, янв.] |
||
| 215 |
_a2 с. _d31х19 |
||
| 300 | _aПодписи: И. Гвоздев, И. Дементьев (Кубиков), Ф. А. Юдин [и др.] Всего 56 фамилий | ||
| 300 | _aВ конце текста: Товарищей рабочих, солидарных с основной мыслью этого обращения, просят присоединять свои подписи и пересылать их для опубликования в Петроградский комитет с.-д. меньшевиков (оборонцев) | ||
| 325 | 1 | _aКопия доступна в Электронной библиотеке РНБ | |
| 327 | 1 | _aПротест против Брестского мира | |
| 517 | 1 | _aТоварищи! В роковой для русского и международного пролетарского движения момент мы - представители соц.-дем. пролетариата... считаем своим долгом поднять свой голос протеста... | |
| 517 | 1 | _aВ роковой для русского и международного пролетарского движения момент мы - представители соц.-дем. пролетариата... считаем своим долгом поднять свой голос протеста... | |
| 540 | 1 | _aТоварищей рабочих, солидарных с основной мыслью этого обращения, просят присоединять свои подписи и пересылать их для опубликования в Петроградский комитет с.-д. меньшевиков (оборонцев) | |
| 540 | 1 | _aПротест против Брестского мира | |
| 607 |
_aРСФСР _jЛистовки _xПолитика и управление _y1917 - 1925 _92312782 _3RU\NLR\auth\6601609564 |
||
| 686 | 0 | _aТ3(2)71-313,011 | |
| 686 | 1 | _aФ69(2)422.1,011 | |
| 702 | 1 |
_aГвоздев _bИ. _cреволюц. деятель _4720 |
|
| 702 | 1 |
_4720 _7ca _8rus _aКубиков _bИ. Н. _cреволюц. деятель, литературовед _f1877-1944 _gИван Николаевич _9173823 _3RU\NLR\AUTH\770173874 |
|
| 702 | 1 |
_4720 _7ca _8rus _aЮдин _bФ. А. _cреволюц. деятель _f1886- _gФилипп Андреевич _9173821 _3RU\NLR\AUTH\770173872 |
|
| 712 | 0 | 2 |
_4570 _aРСДРП (меньшевиков-оборонцев) _bИзбирательный комитет _9556436 _3RU\NLR\AUTH\880446420 |
| 712 | 0 | 2 |
_4570 _aРСДРП (меньшевиков-оборонцев) _bПетроградский комитет _9556413 _3RU\NLR\AUTH\880446408 |
| 852 | 0 | 0 |
_aNLR _bФЛ _j70/100 |
| 942 | _cBOOK | ||
| 980 | _aNB | ||
| 981 | 2 | 1 |
_a(21) Листовки _b(21) Листовки 1918 года |
| 981 | 2 | 2 |
_a(22) Материалы по истории России _b(22) История России с 25 октября (7 ноября) 1917 года |